Nová kniha o náboženství a náboženstvích

Bibliographic Details
Main Authors: -ark- (Author), Swienko, Henrych (Author)
Format: Article
Language:Slovak
Czech
Subjects:

MARC

LEADER 00000nab a2200000 a 4500
001 vtls000178381
003 SK-MaSNL
005 20260304052752.0
008 250422c1983 xo 0 slo
015 |a SNBRB19rr/mm-uuuuu 
035 |a CL0188494 
035 |a urn:nbn:sk:snk-ab2jp9 
035 |a (urnnbn)urn:nbn:sk:snk:ar-a02ig9 
035 |a (uuid)a37189e5-54f1-43a4-95e5-cc0ac9de9814 
040 |a SNKBUCL  |b slo  |c SNKBUCL  |e AACR2 
041 0 |a cze 
044 |a xo  |c SK 
080 |a 291  |2 1981 
080 |a 291.11  |2 1981 
100 1 |a -ark-  |4 aut  |9 1116623 
245 1 0 |a Nová kniha o náboženství a náboženstvích  |c -ark- ; Henrych Swienko 
650 0 7 |a náboženstvá  |2 snkbucl  |9 91170 
655 7 |a články z novín a časopisov  |2 snkbucl  |9 267496 
700 1 |a Swienko, Henrych  |4 aut  |9 1336371 
773 0 |t Ateizmus  |g Roč. 11, č. 3 (1983), s. 328-330 
787 0 8 |i Rec.:  |a Swienko, Henrych  |t Religia i religie  |d Varšava, 1981 
850 |a Slovenská národná knižnica 
852 |a Slovenská národná knižnica 
954 |a odborná, vedecká literatúra cudzojazyčná (svetová)  |2 lita 
958 |a article2022 
958 |a RK 
958 |a CZ 
958 |a PL 
958 |a OND 
958 |a EUIPO 
992 |a RBX 
999 |c 2709821  |d 2711751